00981cam a2200289 a 450000100060000000300080000600500170001400800410003102000150007203500140008703500200010104000320012104100080015308200230016110000270018424500400021126000420025130000320029350400200032565100580034565100450040365100620044865100280051094200120053899900170055095201240056725632BD-RjUL20211209050914.0140318s1993 enkb 001 0 eng d a0304326364 a(BD-RjUL) a(OCoLC)29677968 aCFPcCFPdDLCdBD-RjULbeng aeng00a330.95195220bCHR1 aCherry, Judith.97875310aRepublic of Korea /cJudith Cherry. aLondon ;aNew York :bCassell,c1993. aix, 390 p. :bmap ;c23 cm. aIncludes index. 0aKorea (South)xEconomic conditionsy1960-1988.978755 0aKorea (South)xSocial conditions.978756 0aKorea (South)xPolitics and governmenty1988-2002.978757 0aKoreaxCommerce.912119 2ddccBK c25632d25632 00102ddc40728NFICaRUCLbRUCLcReadingd1995-07-09l0o330.95195 CHR 1993r2014-03-18 00:00:00tC-1w2014-03-18yBK